00329nam a2200133Ia 4500008004100000020001500041041001200056082001600068100002200084245002900106260003700135300000800172650001500180221030s9999 xx 000 0 und d a8129702606 aEnglish a105.23bBes aD. H. Besterfield 0aTotal Quality Management bPearson EducationaDelhic2004 a640 aManagement